000 01680nam a2200289 i 4500
003 DO-SdBNP
005 20250708144427.0
007 ta
008 250708t2025 dr 000 0 spa d
020 _a9789945224146
040 _aDO-SdBNP
_bspa
_cBNPHU
_erda
041 _hspa
082 _axxxx
_bS237
_222
100 1 _aSantos, Mariela
_eautora
_4aut.
_982744
245 1 0 _aOportunidad laboral :
_banálisis retrospectivo y enfoque de nuevas tendencias /
_cMariela Santos
264 _aSanto Domingo :
_bEditora Búho,
_c2025.
300 _a77 páginas
_c23 cm.
336 _atexto
_btxt
_2rdacontent
337 _asin mediación
_bn
_2rdamedia
338 _avolumen
_bnc
_2rdacarrier
500 _aIncluye datos biografícos de la autora en la solapa de la cubierta.
504 _aBibliografía p: 71-73.
520 _aEl contenido plasmado en esta obra parte de una iniciativa personal de la autora, la cual desde una perspectiva histórica analiza cómo han evolucionado a través del tiempo las oportunidades laborales, así como también las exigencias que actualmente destacan los postulantes dentro de un proceso vacante según sus necesidades individuales. Conocerás: Estrategias acerca de cómo establecer negociaciones ganar - dentro del ámbito profesional. Buenas prácticas que actualmente se implementan en las empresas para asegurar una mayor retención laboral de su empleomanía. Nuevas tendencias que puedes considerar para mantenerte en un mediano – largo plazo a la vanguardia de las exigencias profesionales que se demandan actualmente en el mundo de los negocios.
590 _aInventariado, 2025/ YL
910 _aYLockward
942 _2ddc
_cLBS1
999 _c59465
_d59465